00487cam a2200169 a 45000010009000000050017000090080041000260200015000670400018000820820022001001000022001222450071001442500012002152600062002273000013002896500015003021257317920240208005524.0010813s2001 ce b 001 0 eng  a9559170384 aDLCcDLCdDLC00a306.461221bKAM.1 aPieris, Kamalika.14aThe medical profession in Sri Lanka, 1843-1980 /cKamalika Pieris. a1st ed. aBoralesgamuwa, Sri Lanka :bVisidunu Prakashakayo,c2001. a198 p. ; 0aPhysicians